[Event "Titled Tuesday intern op 31st Jan Early"]
[Site "Chess.com INT"]
[Date "2023.01.31"]
[Round "8"]
[White "Koellner, Ruben Gideon"]
[Black "Gottstein, Claudius Thomas"]
[Result "1-0"]
[WhiteElo "2417"]
[BlackElo "2113"]
[PlyCount "71"]
[EventDate "2023.01.31"]
[EventType "swiss (blitz)"]
[EventRounds "11"]
[EventCountry "USA"]
[SourceTitle "CBM 212 Extra"]
[Source "ChessBase"]
[SourceDate "2023.03.31"]
[SourceVersion "1"]
[SourceVersionDate "2023.03.31"]
[SourceQuality "1"]

1. d4 d5 2. Nf3 Bf5 3. e3 e6 4. Ne5 Nd7 5. g4 Bg6 6. h4 Nxe5 7. dxe5 h5 8. g5 Ne7 9. Bd3 Bxd3 10. cxd3 g6 11. 0-0 Nf5 12. f4 Nxh4 13. e4 dxe4 14. dxe4 Qxd1 15. Rxd1 Rd8 16. Rxd8+ Kxd8 17. Kf2 Bc5+ 18. Kg3 Nf5+ 19. exf5 exf5 20. Nc3 c6 21. Bd2 Ke7 22. Rd1 Rd8 23. Bc1 Rxd1 24. Nxd1 Ke6 25. Be3 Kd5 26. Bxc5 Kxc5 27. Kf3 Kc4 28. Ne3+ Kd3 29. Ng2 c5 30. Nh4 c4 31. Nxg6 b5 32. Ne7 b4 33. Nd5 c3 34. bxc3 bxc3 35. Nxc3 Kxc3 36. e6 1-0

[Event "Titled Tuesday intern op 31st Jan Early"]
[Site "Chess.com INT"]
[Date "2023.01.31"]
[Round "3"]
[White "Sharapov, Evgeny"]
[Black "Gottstein, Claudius Thomas"]
[Result "1-0"]
[WhiteElo "2375"]
[BlackElo "2113"]
[PlyCount "117"]
[EventDate "2023.01.31"]
[EventType "swiss (blitz)"]
[EventRounds "11"]
[EventCountry "USA"]
[SourceTitle "CBM 212 Extra"]
[Source "ChessBase"]
[SourceDate "2023.03.31"]
[SourceVersion "1"]
[SourceVersionDate "2023.03.31"]
[SourceQuality "1"]

1. e4 Nf6 2. Nc3 d5 3. exd5 Nxd5 4. Bc4 c6 5. Qf3 e6 6. Nge2 Be7 7. 0-0 Nd7 8. d4 N7f6 9. Bb3 a5 10. a4 b6 11. Ne4 Bb7 12. N2g3 Nxe4 13. Nxe4 Nf6 14. Nxf6+ Bxf6 15. c3 0-0 16. Bf4 Be7 17. Rad1 Bd6 18. Bc2 Bxf4 19. Qxf4 Qb8 20. Qg5 h6 21. Qh5 Qf4 22. Rfe1 Qg5 23. Qxg5 hxg5 24. Re5 Rfd8 25. Rxg5 f6 26. Rg3 Kf7 27. Re3 c5 28. dxc5 Rxd1+ 29. Bxd1 Rd8 30. Bb3 bxc5 31. Bxe6+ Kf8 32. h3 Rd1+ 33. Kh2 Rd2 34. Kg3 Rxb2 35. Bd7 Rd2 36. Bb5 Rd8 37. Re6 Rc8 38. Rb6 Rc7 39. Ba6 Bd5 40. Bb5 Bb7 41. f3 Ke7 42. Bc4 Kd7 43. Be6+ Ke7 44. Bf5 Bc6 45. Ra6 Bxa4 46. Rxa5 Bb3 47. h4 Be6 48. Kf4 c4 49. Be4 Rd7 50. Rb5 Rd2 51. Rb7+ Kd6 52. Rxg7 f5 53. Bxf5 Bxf5 54. Kxf5 Rd3 55. h5 Rxc3 56. h6 Rc1 57. h7 Rh1 58. Ke4 c3 59. Kd3 1-0

[Event "Titled Tuesday intern op 30th Aug Early"]
[Site "Chess.com INT"]
[Date "2022.08.30"]
[Round "3"]
[White "Eynullayev, Atilla Elshan"]
[Black "Gottstein, Claudius Thomas"]
[Result "1-0"]
[WhiteElo "2328"]
[BlackElo "2113"]
[PlyCount "75"]
[EventDate "2022.08.30"]
[EventType "swiss (blitz)"]
[EventRounds "11"]
[EventCountry "USA"]
[SourceTitle "EXT 2023"]
[Source "ChessBase"]
[SourceDate "2022.10.05"]
[SourceVersion "1"]
[SourceVersionDate "2022.10.05"]
[SourceQuality "1"]

1. e4 Nf6 2. e5 Nd5 3. d4 d6 4. Nf3 Bg4 5. Be2 c6 6. h3 Bxf3 7. Bxf3 dxe5 8. dxe5 e6 9. 0-0 Qc7 10. Re1 Nd7 11. Qe2 Bc5 12. c4 Ne7 13. a3 a5 14. Nc3 Ng6 15. Ne4 Ngxe5 16. Nxc5 Nxf3+ 17. Qxf3 Nxc5 18. Bf4 Qe7 19. Rad1 Rd8 20. Qc3 0-0 21. Qxa5 Nd3 22. Bc7 Ra8 23. Rxd3 Rxa5 24. Bxa5 Qc5 25. Bb4 Qxc4 26. Rc3 Qb5 27. Bxf8 Kxf8 28. b4 g6 29. Rd1 Kg7 30. Rd7 b6 31. Rf3 c5 32. Rfxf7+ Kh6 33. h4 Kh5 34. Rxh7+ Kg4 35. Rdf7 cxb4 36. Kh2 Qe5+ 37. g3 Qe2 38. Rf4# 1-0

[Event "Titled Tuesday intern op 30th Aug Early"]
[Site "Chess.com INT"]
[Date "2022.08.30"]
[Round "1"]
[White "Gottstein, Claudius Thomas"]
[Black "Pacheco Lugo, Alejandro Jose"]
[Result "1-0"]
[WhiteElo "2113"]
[BlackElo "2127"]
[PlyCount "129"]
[EventDate "2022.08.30"]
[EventType "swiss (blitz)"]
[EventRounds "11"]
[EventCountry "USA"]
[SourceTitle "EXT 2023"]
[Source "ChessBase"]
[SourceDate "2022.10.05"]
[SourceVersion "1"]
[SourceVersionDate "2022.10.05"]
[SourceQuality "1"]

1. c4 Nf6 2. Nc3 e6 3. g3 d5 4. cxd5 exd5 5. d4 c6 6. Bg2 Be7 7. Nf3 0-0 8. 0-0 h6 9. a3 a5 10. Qc2 Bg4 11. h3 Bh5 12. Re1 Bg6 13. Qd1 Nbd7 14. Bf4 Re8 15. Ne5 Bh7 16. Qc1 Bf8 17. Na4 Nxe5 18. Bxe5 Ne4 19. f3 Nd6 20. Nc5 b6 21. Nd3 Rc8 22. Bxd6 Bxd6 23. f4 Be4 24. Bxe4 dxe4 25. Ne5 f6 26. Ng4 Qd7 27. e3 c5 28. Qc4+ Kh7 29. Rad1 Qf5 30. Nf2 Qg6 31. Kh2 cxd4 32. Qxd4 Rc2 33. Rd2 Bc5 34. Qd7 Re7 35. Qd8 Rxd2 36. Qxd2 f5 37. b4 axb4 38. axb4 Bd6 39. Rd1 Bc7 40. b5 Qe6 41. Qd5 Kg6 42. Qxe6+ Rxe6 43. Rd5 Bd6 44. g4 Kf7 45. gxf5 Rf6 46. Nxe4 Bc5 47. Nxf6 Kxf6 48. e4 Be3 49. Kg3 g5 50. fxg6 Kxg6 51. Kf3 Bg1 52. Rd6+ Kh5 53. Rc6 Bd4 54. e5 Bg1 55. e6 Kg6 56. Ke4 Kf6 57. f5 h5 58. Rc7 Bc5 59. Rf7+ Kg5 60. Rg7+ Kf6 61. Rg6+ Ke7 62. Rh6 Bf2 63. Kd5 h4 64. f6+ Ke8 65. Rh8# 1-0

[Event "Titled Tuesday intern op 02nd Aug Early"]
[Site "Chess.com INT"]
[Date "2022.08.02"]
[Round "11"]
[White "Gottstein, Claudius Thomas"]
[Black "Rios Escobar, Adan"]
[Result "0-1"]
[WhiteElo "2113"]
[BlackElo "2276"]
[PlyCount "132"]
[EventDate "2022.08.02"]
[EventType "swiss (blitz)"]
[EventRounds "11"]
[EventCountry "USA"]
[SourceTitle "EXT 2023"]
[Source "ChessBase"]
[SourceDate "2022.10.05"]
[SourceVersion "1"]
[SourceVersionDate "2022.10.05"]
[SourceQuality "1"]

1. c4 Nf6 2. Nc3 g6 3. g3 Bg7 4. Bg2 c5 5. Nf3 0-0 6. 0-0 Nc6 7. d4 cxd4 8. Nxd4 Qa5 9. Be3 Ng4 10. Nxc6 dxc6 11. Qc1 Qh5 12. h4 Nxe3 13. Qxe3 Be6 14. b3 Rfd8 15. Rad1 Qe5 16. Qxe5 Bxe5 17. Ne4 Rxd1 18. Rxd1 Re8 19. Nc5 Bc8 20. f4 Bd6 21. Ne4 Bc7 22. Nc5 a5 23. Kf1 Rd8 24. Rxd8+ Bxd8 25. e4 b5 26. e5 Bb6 27. Nd3 bxc4 28. bxc4 Ba6 29. Bxc6 Bxc4 30. Ke2 Bxa2 31. Kf3 Bc4 32. Nb2 Bb3 33. Na4 Bd4 34. g4 h5 35. gxh5 gxh5 36. Bb5 Bd5+ 37. Kg3 Kg7 38. Bd7 e6 39. Be8 Kf8 40. Bb5 Ke7 41. Kh3 Be4 42. Kg3 Kd8 43. Kh3 Bf2 44. Nc3 Bf5+ 45. Kg2 Bxh4 46. Be2 Be1 47. Nb5 h4 48. Nd6 h3+ 49. Kh1 Bc2 50. Nxf7+ Ke7 51. Ng5 Bg3 52. Nxh3 a4 53. Bc4 Bb3 54. Bd3 a3 55. Bb1 a2 56. Bxa2 Bxa2 57. Kg2 Bh4 58. Kf3 Bd5+ 59. Kg4 Be1 60. f5 exf5+ 61. Kxf5 Be6+ 62. Ke4 Bxh3 63. e6 Bg3 64. Ke3 Bd6 65. Kf3 Bf5 66. Ke3 Be5 0-1

[Event "Titled Tuesday intern op 31st May Early"]
[Site "Chess.com INT"]
[Date "2022.05.31"]
[Round "7"]
[White "D'Arruda, Ricardo D"]
[Black "Gottstein, Claudius Thomas"]
[Result "1-0"]
[WhiteElo "2271"]
[BlackElo "2113"]
[PlyCount "49"]
[EventDate "2022.05.31"]
[EventType "swiss (blitz)"]
[EventRounds "11"]
[EventCountry "USA"]
[SourceTitle "CBM 208 Extra"]
[Source "ChessBase"]
[SourceDate "2022.07.31"]
[SourceVersion "1"]
[SourceVersionDate "2022.07.31"]
[SourceQuality "1"]

1. Nf3 d5 2. d4 Bf5 3. c3 e6 4. Nbd2 c6 5. g3 Nf6 6. Bg2 Nbd7 7. 0-0 Bd6 8. Nh4 Bg6 9. Nxg6 hxg6 10. e4 dxe4 11. Nxe4 Nxe4 12. Bxe4 Nf6 13. Bg2 a5 14. a4 0-0 15. Bg5 Be7 16. Qb3 Qc7 17. Rfe1 Nd5 18. Bd2 Rfe8 19. Re2 Ra6 20. Rae1 Bf8 21. h4 b5 22. axb5 Rb8 23. c4 Nb4 24. bxa6 Nxa6 25. Qc2 1-0

[Event "Titled Tuesday intern op 31st May Early"]
[Site "Chess.com INT"]
[Date "2022.05.31"]
[Round "4"]
[White "Gottstein, Claudius Thomas"]
[Black "Hamley, Ryan"]
[Result "0-1"]
[WhiteElo "2113"]
[BlackElo "2097"]
[PlyCount "74"]
[EventDate "2022.05.31"]
[EventType "swiss (blitz)"]
[EventRounds "11"]
[EventCountry "USA"]
[SourceTitle "CBM 208 Extra"]
[Source "ChessBase"]
[SourceDate "2022.07.31"]
[SourceVersion "1"]
[SourceVersionDate "2022.07.31"]
[SourceQuality "1"]

1. e4 c6 2. d4 g6 3. Nc3 Bg7 4. Be3 d5 5. f3 h5 6. Qd2 Be6 7. Nge2 Nf6 8. Nf4 Qd7 9. Nxe6 Qxe6 10. e5 Nfd7 11. Bd3 a6 12. 0-0 c5 13. f4 cxd4 14. Bxd4 Nc6 15. Bf2 Bh6 16. Bg3 Ndxe5 17. Rae1 Qd7 18. Be2 e6 19. Qd1 Nc4 20. Bxc4 dxc4 21. Qe2 b5 22. Kh1 Bg7 23. Ne4 0-0 24. c3 Rad8 25. Rd1 Qe7 26. Ng5 Rxd1 27. Rxd1 Rd8 28. Bf2 e5 29. h3 Rxd1+ 30. Qxd1 exf4 31. Qd5 Ne5 32. Ne4 Nd3 33. Bd4 Bxd4 34. cxd4 Qxe4 35. Qd8+ Kh7 36. d5 Ne1 37. d6 Qxg2# 0-1

[Event "Titled Tuesday intern op 31st May Early"]
[Site "Chess.com INT"]
[Date "2022.05.31"]
[Round "10"]
[White "Gottstein, Claudius Thomas"]
[Black "Sovetbekova, Nurai"]
[Result "0-1"]
[WhiteElo "2113"]
[BlackElo "1658"]
[PlyCount "28"]
[EventDate "2022.05.31"]
[EventType "swiss (blitz)"]
[EventRounds "11"]
[EventCountry "USA"]
[SourceTitle "CBM 208 Extra"]
[Source "ChessBase"]
[SourceDate "2022.07.31"]
[SourceVersion "1"]
[SourceVersionDate "2022.07.31"]
[SourceQuality "1"]

1. e4 c5 2. Nf3 d6 3. Bb5+ Nd7 4. 0-0 a6 5. Bd3 Ngf6 6. c3 g6 7. a4 Bg7 8. Re1 0-0 9. Bc2 Qc7 10. Qe2 b6 11. e5 dxe5 12. Nxe5 Bb7 13. Nxd7 Qxd7 14. Qxe7 Rae8 0-1

[Event "Titled Tuesday intern op 31st May Early"]
[Site "Chess.com INT"]
[Date "2022.05.31"]
[Round "6"]
[White "Gottstein, Claudius Thomas"]
[Black "Tarasova, Viktoriya"]
[Result "0-1"]
[WhiteElo "2113"]
[BlackElo "2226"]
[PlyCount "100"]
[EventDate "2022.05.31"]
[EventType "swiss (blitz)"]
[EventRounds "11"]
[EventCountry "USA"]
[SourceTitle "CBM 208 Extra"]
[Source "ChessBase"]
[SourceDate "2022.07.31"]
[SourceVersion "1"]
[SourceVersionDate "2022.07.31"]
[SourceQuality "1"]

1. e4 c5 2. Nf3 d6 3. Bb5+ Nd7 4. 0-0 a6 5. Bd3 e5 6. c3 Ngf6 7. a4 Be7 8. a5 0-0 9. Bc2 Nb8 10. d4 cxd4 11. cxd4 Nc6 12. Nc3 Bg4 13. dxe5 dxe5 14. Qxd8 Rfxd8 15. Bg5 Bxf3 16. gxf3 h6 17. Bxf6 Bxf6 18. Nd5 Bg5 19. Ba4 Nd4 20. Kg2 Rd6 21. Rh1 Rg6 22. Bd1 Rc8 23. Kf1 Kf8 24. h4 Bd8 25. Nc3 Rc5 26. Ra4 Rxa5 27. Rxa5 Bxa5 28. Ke1 Rc6 29. Kd2 Nb5 30. Ba4 Rd6+ 31. Kc2 Nd4+ 32. Kc1 Bxc3 33. bxc3 Nxf3 34. h5 Ng5 35. Bc2 Ke7 36. Rh4 Rf6 37. Rh2 Rf4 38. Rg2 Kf6 39. Kd2 Nxe4+ 40. Ke3 Ng5 41. Rg1 Rc4 42. Kd3 Rc7 43. Rb1 e4+ 44. Ke2 b5 45. Ra1 Rc6 46. Ra5 Ke5 47. Kd2 Nf3+ 48. Ke2 Rxc3 49. Bd1 Nd4+ 50. Kd2 Rc6 0-1

[Event "Titled Tuesday intern op 31st May Early"]
[Site "Chess.com INT"]
[Date "2022.05.31"]
[Round "1"]
[White "Turzo, Attila"]
[Black "Gottstein, Claudius Thomas"]
[Result "1-0"]
[WhiteElo "2338"]
[BlackElo "2113"]
[PlyCount "69"]
[EventDate "2022.05.31"]
[EventType "swiss (blitz)"]
[EventRounds "11"]
[EventCountry "USA"]
[SourceTitle "CBM 208 Extra"]
[Source "ChessBase"]
[SourceDate "2022.07.31"]
[SourceVersion "1"]
[SourceVersionDate "2022.07.31"]
[SourceQuality "1"]

1. d4 d5 2. Nf3 Bf5 3. c3 e6 4. Bf4 Bd6 5. e3 Nf6 6. Nbd2 Ne4 7. Qb3 b6 8. c4 Bxf4 9. exf4 Nxd2 10. Nxd2 dxc4 11. Qxc4 0-0 12. g3 Nd7 13. Bg2 Rc8 14. Bb7 Ra8 15. Bxa8 Qxa8 16. f3 c5 17. 0-0 cxd4 18. Qxd4 Nc5 19. Nb3 Rd8 20. Qf2 Nd3 21. Qe2 Qd5 22. Rfd1 h5 23. Rd2 h4 24. Rad1 hxg3 25. hxg3 Qc4 26. Kg2 Rd5 27. Nc1 Nxf4+ 28. gxf4 Qxf4 29. Rxd5 Qg5+ 30. Kh1 exd5 31. Qg2 Qh6+ 32. Kg1 Qe3+ 33. Qf2 Qg5+ 34. Kf1 Bh3+ 35. Ke1 1-0

[Event "Titled Tuesday intern op 17th May Early"]
[Site "Chess.com INT"]
[Date "2022.05.17"]
[Round "9"]
[White "Gottstein, Claudius Thomas"]
[Black "Kovacevic, Radmila"]
[Result "1-0"]
[WhiteElo "2113"]
[BlackElo "2113"]
[PlyCount "101"]
[EventDate "2022.05.17"]
[EventType "swiss (blitz)"]
[EventRounds "11"]
[EventCountry "USA"]
[SourceTitle "CBM 208 Extra"]
[Source "ChessBase"]
[SourceDate "2022.07.31"]
[SourceVersion "1"]
[SourceVersionDate "2022.07.31"]
[SourceQuality "1"]

1. e4 e5 2. Nf3 d5 3. Nxe5 Bd6 4. d4 dxe4 5. Bc4 Bxe5 6. Qh5 Qe7 7. Qxe5 Qxe5 8. dxe5 Nc6 9. Bb5 Bd7 10. Bxc6 Bxc6 11. Be3 Ne7 12. Nd2 Ng6 13. Bd4 0-0-0 14. Bc3 Nf4 15. g3 e3 16. fxe3 Nh3 17. Rf1 Bd5 18. e4 Be6 19. 0-0-0 h6 20. Nf3 Ng5 21. Rxd8+ Kxd8 22. Nxg5 hxg5 23. Rf2 c5 24. Kd2 Kc7 25. Ke3 Kc6 26. b3 b6 27. a4 a6 28. Rd2 Rb8 29. Rd6+ Kc7 30. h4 g4 31. Kf4 Rh8 32. a5 bxa5 33. Rxa6 c4 34. Bxa5+ Kb7 35. Rb6+ Ka7 36. b4 Rc8 37. Rd6 c3 38. b5 Rc5 39. Rd3 Rxb5 40. Bxc3 Kb7 41. Re3 Rc5 42. Kg5 Rc4 43. Kf4 Kc6 44. h5 Kb5 45. h6 gxh6 46. Rd3 Ka4 47. Ke3 Ka3 48. Bd4+ Ka2 49. c3 Kb3 50. Rd2 Bc8 51. Rh2 1-0

[Event "Titled Tuesday intern op 17th May Early"]
[Site "Chess.com INT"]
[Date "2022.05.17"]
[Round "10"]
[White "Martinez, Shawn"]
[Black "Gottstein, Claudius Thomas"]
[Result "1-0"]
[WhiteElo "1881"]
[BlackElo "2113"]
[PlyCount "75"]
[EventDate "2022.05.17"]
[EventType "swiss (blitz)"]
[EventRounds "11"]
[EventCountry "USA"]
[SourceTitle "CBM 208 Extra"]
[Source "ChessBase"]
[SourceDate "2022.07.31"]
[SourceVersion "1"]
[SourceVersionDate "2022.07.31"]
[SourceQuality "1"]

1. e4 e6 2. d4 Nc6 3. f4 d5 4. e5 f6 5. Nf3 Nh6 6. Bd3 Bd7 7. 0-0 Qe7 8. c3 0-0-0 9. b4 Re8 10. a4 fxe5 11. fxe5 Qd8 12. a5 Be7 13. b5 Nb8 14. b6 cxb6 15. axb6 a6 16. Nbd2 Qxb6 17. Rb1 Qc7 18. Qb3 Bc6 19. Ng5 Bxg5 20. c4 dxc4 21. Nxc4 Bxc1 22. Rfxc1 Nd7 23. Nd6+ Kd8 24. Qb4 b5 25. Be4 Nb8 26. Nxe8 Rxe8 27. Qc5 Kd7 28. Bxc6+ Nxc6 29. d5 exd5 30. Qxd5+ Ke7 31. Rxc6 Qa7+ 32. Kh1 Rd8 33. Qe6+ Kf8 34. Rf1+ Nf7 35. h3 Re8 36. Qd5 Kg8 37. e6 Nh6 38. e7+ 1-0

[Event "Titled Tuesday intern op 03rd May Early"]
[Site "Chess.com INT"]
[Date "2022.05.03"]
[Round "1"]
[White "Gottstein, Claudius Thomas"]
[Black "Kouskoutis, Georgios Alexandros"]
[Result "0-1"]
[WhiteElo "2113"]
[BlackElo "2285"]
[PlyCount "68"]
[EventDate "2022.05.03"]
[EventType "swiss (blitz)"]
[EventRounds "11"]
[EventCountry "USA"]
[SourceTitle "CBM 208 Extra"]
[Source "ChessBase"]
[SourceDate "2022.07.31"]
[SourceVersion "1"]
[SourceVersionDate "2022.07.31"]
[SourceQuality "1"]

1. e4 c5 2. Nf3 d6 3. Bb5+ Bd7 4. Bxd7+ Nxd7 5. 0-0 Ngf6 6. Qe2 e6 7. c3 Be7 8. d4 cxd4 9. cxd4 0-0 10. Nc3 Nb6 11. Rd1 Rc8 12. h3 d5 13. e5 Nfd7 14. Bd2 Nc4 15. Be1 Bb4 16. Rac1 Qa5 17. a3 Bxc3 18. Bxc3 Qb6 19. h4 a5 20. Rd3 Rc6 21. Rcd1 Rfc8 22. Ng5 h6 23. Qh5 hxg5 24. hxg5 Nf8 25. Rh3 Ng6 26. Qh7+ Kf8 27. Rf3 Ke7 28. Qxg7 Rf8 29. Rdd3 Nxb2 30. Rf6 Nxd3 31. Rxg6 Rxc3 32. Rf6 Qxd4 33. g6 Rc1+ 34. Kh2 Qh4# 0-1

[Event "Titled Tuesday intern op 03rd May Early"]
[Site "Chess.com INT"]
[Date "2022.05.03"]
[Round "3"]
[White "Gottstein, Claudius Thomas"]
[Black "Pourkashiyan, Atousa"]
[Result "0-1"]
[WhiteElo "2113"]
[BlackElo "2322"]
[PlyCount "78"]
[EventDate "2022.05.03"]
[EventType "swiss (blitz)"]
[EventRounds "11"]
[EventCountry "USA"]
[SourceTitle "CBM 208 Extra"]
[Source "ChessBase"]
[SourceDate "2022.07.31"]
[SourceVersion "1"]
[SourceVersionDate "2022.07.31"]
[SourceQuality "1"]

1. e4 c5 2. Nf3 e6 3. g3 a6 4. Bg2 Nc6 5. 0-0 d6 6. c3 Nf6 7. Qe2 Be7 8. d4 0-0 9. Rd1 Bd7 10. e5 Nd5 11. exd6 Bxd6 12. c4 Nf6 13. Nc3 cxd4 14. Nxd4 Nxd4 15. Rxd4 Qc7 16. Bg5 Be5 17. Rd3 h6 18. Bxf6 Bxf6 19. Ne4 Be7 20. Rad1 Bc6 21. b3 Rfd8 22. Rxd8+ Rxd8 23. Rxd8+ Qxd8 24. Qd2 Qc7 25. Qd3 b6 26. h3 Qb7 27. Bf3 b5 28. cxb5 axb5 29. Nd2 b4 30. Bxc6 Qxc6 31. Nc4 Qc7 32. Qe4 Qa7 33. Qe2 Qd4 34. Qd2 Qa1+ 35. Kg2 g6 36. Qxh6 Qxa2 37. Qe3 Qc2 38. Ne5 Bf6 39. Nf3 Qc6 0-1

[Event "Titled Tuesday intern op 03rd May Early"]
[Site "Chess.com INT"]
[Date "2022.05.03"]
[Round "5"]
[White "Rom, Jasper B"]
[Black "Gottstein, Claudius Thomas"]
[Result "1-0"]
[WhiteElo "2202"]
[BlackElo "2113"]
[PlyCount "41"]
[EventDate "2022.05.03"]
[EventType "swiss (blitz)"]
[EventRounds "11"]
[EventCountry "USA"]
[SourceTitle "CBM 208 Extra"]
[Source "ChessBase"]
[SourceDate "2022.07.31"]
[SourceVersion "1"]
[SourceVersionDate "2022.07.31"]
[SourceQuality "1"]

1. e4 c6 2. d4 d5 3. Nd2 dxe4 4. Nxe4 Bf5 5. Ng3 Bg6 6. h4 h6 7. Nh3 e6 8. Nf4 Bh7 9. Bc4 Nf6 10. 0-0 Bd6 11. Re1 0-0 12. c3 Re8 13. Qf3 Qc7 14. Ngh5 Nbd7 15. Bd2 Nb6 16. Nxf6+ gxf6 17. Bd3 Bxd3 18. Nxd3 f5 19. Bxh6 Nd5 20. Qh5 Nf6 21. Qg5+ 1-0

[Event "Titled Tuesday intern op 03rd May Early"]
[Site "Chess.com INT"]
[Date "2022.05.03"]
[Round "10"]
[White "Sailer, Mike L"]
[Black "Gottstein, Claudius Thomas"]
[Result "1-0"]
[WhiteElo "2109"]
[BlackElo "2113"]
[PlyCount "45"]
[EventDate "2022.05.03"]
[EventType "swiss (blitz)"]
[EventRounds "11"]
[EventCountry "USA"]
[SourceTitle "CBM 208 Extra"]
[Source "ChessBase"]
[SourceDate "2022.07.31"]
[SourceVersion "1"]
[SourceVersionDate "2022.07.31"]
[SourceQuality "1"]

1. d4 d5 2. Nf3 Bf5 3. Bf4 e6 4. e3 Bd6 5. Bg3 Nf6 6. Bd3 Ne4 7. Nbd2 0-0 8. 0-0 Bxg3 9. hxg3 Nxd2 10. Qxd2 Bg6 11. Ne5 Nd7 12. Nxg6 hxg6 13. c4 c6 14. c5 e5 15. b4 Re8 16. a4 Qe7 17. b5 e4 18. Be2 f5 19. a5 Nf6 20. a6 cxb5 21. Bxb5 bxa6 22. Bxe8 Qxe8 23. Rxa6 1-0

[Event "Titled Tuesday intern op 14th Dec"]
[Site "Chess.com INT"]
[Date "2021.12.14"]
[Round "6"]
[White "Aldokhin, Ivan"]
[Black "Gottstein, Claudius Thomas"]
[Result "1-0"]
[WhiteElo "2413"]
[BlackElo "2113"]
[PlyCount "71"]
[EventDate "2021.12.14"]
[EventType "swiss (blitz)"]
[EventRounds "11"]
[EventCountry "USA"]
[SourceTitle "EXT 2023"]
[Source "ChessBase"]
[SourceDate "2022.10.05"]
[SourceVersion "1"]
[SourceVersionDate "2022.10.05"]
[SourceQuality "1"]

1. d4 d5 2. c4 Bf5 3. Nc3 e6 4. cxd5 exd5 5. Qb3 Nc6 6. Nf3 Nf6 7. a3 Na5 8. Qa4+ c6 9. Bg5 Qb6 10. Rc1 Nb3 11. Rd1 Bc2 12. Bxf6 Bxd1 13. Nxd1 gxf6 14. e3 Be7 15. Bd3 0-0 16. 0-0 Na5 17. Nh4 Rfe8 18. Nf5 Bf8 19. Qc2 h6 20. f4 Qb3 21. Qe2 b5 22. Rf3 Nc4 23. Rg3+ Kh8 24. Rh3 Nd6 25. Nxh6 Bxh6 26. Rxh6+ Kg8 27. Qh5 Kf8 28. Nf2 Qxb2 29. Rh7 Qc1+ 30. Bf1 Qxe3 31. f5 Ke7 32. Qd1 Rf8 33. Rh3 Qxa3 34. Rxa3 Ne4 35. Nxe4 dxe4 36. Qe2 1-0

[Event "Titled Tuesday intern op 14th Dec"]
[Site "Chess.com INT"]
[Date "2021.12.14"]
[Round "11"]
[White "Gottstein, Claudius Thomas"]
[Black "Antonova, Nadezhda"]
[Result "0-1"]
[WhiteElo "2113"]
[BlackElo "1842"]
[PlyCount "102"]
[EventDate "2021.12.14"]
[EventType "swiss (blitz)"]
[EventRounds "11"]
[EventCountry "USA"]
[SourceTitle "EXT 2023"]
[Source "ChessBase"]
[SourceDate "2022.10.05"]
[SourceVersion "1"]
[SourceVersionDate "2022.10.05"]
[SourceQuality "1"]

1. e4 c5 2. Nf3 d6 3. Bb5+ Nd7 4. 0-0 a6 5. Bd3 Ngf6 6. c3 g6 7. Re1 Bg7 8. a4 b6 9. Bc2 0-0 10. d4 cxd4 11. cxd4 Bb7 12. Nc3 Rc8 13. h3 Qc7 14. Bf4 e5 15. Bh2 exd4 16. Nxd4 Ne5 17. Rc1 Qb8 18. Qe2 Rfe8 19. Bxe5 Rxe5 20. Qd2 Qa8 21. f3 Rec5 22. Bb3 h5 23. Nce2 d5 24. e5 Nd7 25. e6 fxe6 26. Nxe6 Rxc1 27. Rxc1 Rxc1+ 28. Qxc1 Qc8 29. Qxc8+ Bxc8 30. Nxg7 Kxg7 31. Bxd5 Nc5 32. Nc3 Bd7 33. b3 Kf6 34. Kf2 g5 35. Ke3 Ke5 36. g3 b5 37. f4+ gxf4+ 38. gxf4+ Kd6 39. axb5 axb5 40. Kd4 b4 41. Ne4+ Nxe4 42. Bxe4 Bxh3 43. Kc4 Be6+ 44. Kxb4 h4 45. Kc3 h3 46. b4 h2 47. Kd4 Bd7 48. f5 Bc6 49. f6 Bxe4 50. f7 Ke7 51. b5 Kxf7 0-1

[Event "Titled Tuesday intern op 14th Dec"]
[Site "Chess.com INT"]
[Date "2021.12.14"]
[Round "3"]
[White "Gottstein, Claudius Thomas"]
[Black "Elissalt Cardenas, Hector"]
[Result "0-1"]
[WhiteElo "2113"]
[BlackElo "2290"]
[PlyCount "64"]
[EventDate "2021.12.14"]
[EventType "swiss (blitz)"]
[EventRounds "11"]
[EventCountry "USA"]
[SourceTitle "EXT 2023"]
[Source "ChessBase"]
[SourceDate "2022.10.05"]
[SourceVersion "1"]
[SourceVersionDate "2022.10.05"]
[SourceQuality "1"]

1. e4 d6 2. d4 Nf6 3. Nc3 e5 4. Nf3 Nbd7 5. Bc4 Be7 6. 0-0 0-0 7. h3 c6 8. a4 a5 9. Re1 Nb6 10. Bb3 Nfd7 11. d5 Nc5 12. Be3 Nxb3 13. cxb3 f5 14. exf5 Bxf5 15. Rc1 Nd7 16. Ne2 Be4 17. dxc6 Bxf3 18. gxf3 bxc6 19. Ng3 Rc8 20. Qd2 d5 21. Qe2 Qe8 22. Kg2 Qg6 23. Kh2 Rf7 24. Rg1 Qe6 25. Bd4 Rcf8 26. Rce1 Rxf3 27. Rg2 Bd6 28. Bc3 e4 29. Qd2 Nc5 30. Qd4 R8f7 31. Re2 Nd3 32. Bxa5 Bc5 0-1

[Event "Titled Tuesday intern op 16th Nov"]
[Site "Chess.com INT"]
[Date "2021.11.16"]
[Round "5"]
[White "Gottstein, Claudius Thomas"]
[Black "Christensen, Thomas1111"]
[Result "1/2-1/2"]
[WhiteElo "2113"]
[BlackElo "2154"]
[PlyCount "110"]
[EventDate "2021.11.16"]
[EventType "swiss (blitz)"]
[EventRounds "11"]
[EventCountry "USA"]
[SourceTitle "CBM 205 Extra"]
[Source "ChessBase"]
[SourceDate "2022.01.31"]
[SourceVersion "1"]
[SourceVersionDate "2022.01.31"]
[SourceQuality "1"]

1. e4 e5 2. Nf3 d5 3. Nxe5 Bd6 4. d4 dxe4 5. Bc4 Bxe5 6. Qh5 Qe7 7. Qxe5 Qxe5 8. dxe5 Nc6 9. Bb5 Nge7 10. Nc3 Bf5 11. Bf4 0-0-0 12. Bxc6 Nxc6 13. Rd1 Rhe8 14. Rxd8+ Kxd8 15. Ke2 Nxe5 16. Rd1+ Kc8 17. Bxe5 Rxe5 18. Rd4 Bg6 19. Ke3 f5 20. g3 c6 21. Kf4 Re7 22. Nd1 Rd7 23. Rxd7 Kxd7 24. Ke5 h6 25. Ne3 Bf7 26. Nxf5 Bxa2 27. Nxg7 Bb1 28. c3 a5 29. h4 b5 30. h5 Kc7 31. g4 Kb6 32. g5 hxg5 33. h6 e3 34. fxe3 Bh7 35. Ne6 g4 36. Kf4 c5 37. Ng5 Bg8 38. h7 Bxh7 39. Nxh7 a4 40. Kxg4 b4 41. cxb4 cxb4 42. Nf6 Kc5 43. Ne4+ Kc4 44. Nd2+ Kd3 45. e4 Kxd2 46. e5 a3 47. bxa3 bxa3 48. e6 a2 49. e7 a1Q 50. e8Q Qg1+ 51. Kf5 Qf1+ 52. Kg6 Qd3+ 53. Kf7 Kc3 54. Qe5+ Qd4 55. Qxd4+ Kxd4 1/2-1/2